[Event "DEM U12/U12w 2009"]
[Site "Willingen GER"]
[Date "2009.06.05"]
[Round "10"]
[White "Rahimi, Anita"]
[Black "Nitzsche, Pia"]
[Result "1-0"]
[Termination "normal"]
[Board "41"]
[WhiteElo "1290"]
[BlackElo "1350"]
[PlyCount "83"]
[WhiteFideId "24692336"]
[BlackFideId "12900370"]
[EventCountry "GER"]
[EventRounds "11"]
[EventType "swiss"]
[EventDate "2009.05.30"]

1. d4 Nf6 2. Bf4 d6 3. Nf3 g6 4. e3 Bg7 5. Bd3 O-O 6. c3 b6 7. Nbd2 Bb7 8. Rc1
Nbd7 9. Qc2 c5 10. Qb1 Rb8 11. O-O Re8 12. h3 cxd4 13. cxd4 e5 14. dxe5 dxe5
15. Bh2 Ra8 16. Bb5 a6 17. Bxd7 Nxd7 18. Rfd1 e4 19. Ne1 Qf6 20. Nc4 Nc5 21.
Rd6 Qg5 22. Rxb6 Ra7 23. Bf4 Qh5 24. Qc2 Nd7 25. Rd6 Nf6 26. Rcd1 Nd5 27. Bg3
a5 28. Rd7 Nb4 29. Qb3 Bf8 30. Nd6 Bd5 31. Rxd5 Qxd5 32. Qxd5 Nxd5 33. Rxa7
Bxd6 34. Bxd6 Rd8 35. Be5 Nb4 36. Bf6 Rc8 37. Rxa5 Kf8 38. Re5 Rc1 39. Be7+ Kg8
40. Bxb4 Rb1 41. Bc3 f5 42. Kh2 1-0

[Event "DEM U12/U12w 2009"]
[Site "Willingen GER"]
[Date "2009.06.05"]
[Round "10"]
[White "Faden, Maximilian"]
[Black "Fuchs, Linda"]
[Result "1-0"]
[Termination "normal"]
[Board "42"]
[WhiteElo "1325"]
[BlackElo "1202"]
[PlyCount "127"]
[BlackFideId "12900435"]
[EventCountry "GER"]
[EventRounds "11"]
[EventType "swiss"]
[EventDate "2009.05.30"]

1. Nf3 c6 2. d3 d5 3. g3 Nf6 4. Bg2 Bf5 5. O-O Nbd7 6. Nbd2 e6 7. c4 Be7 8. b3
O-O 9. Bb2 Qc7 10. cxd5 exd5 11. Re1 Rfe8 12. Nd4 Bg4 13. h3 Bh5 14. Qc2 Bd6
15. e4 Rac8 16. exd5 Nxd5 17. Nf5 Be5 18. Bxd5 cxd5 19. Qxc7 Bxc7 20. Rxe8+
Rxe8 21. Nxg7 Re2 22. Nxh5 Rxd2 23. Nf6+ Nxf6 24. Bxf6 Rxd3 25. Rc1 Bd6 26.
Rc8+ Bf8 27. Be7 Rd1+ 28. Kg2 d4 29. Bxf8 f6 30. Bc5+ Kf7 31. Rd8 d3 32. Kf3 a6
33. Bb4 Rh1 34. h4 Ra1 35. Rxd3 Rxa2 36. Rd7+ Kg6 37. Rxb7 a5 38. Bf8 a4 39. g4
f5 40. gxf5+ Kxf5 41. bxa4 Rxa4 42. Rxh7 Rf4+ 43. Kg3 Rg4+ 44. Kh3 Rg1 45. h5
Kf4 46. Bd6+ Kf3 47. Rf7+ Ke4 48. Kh2 Rg5 49. Rh7 Kf3 50. Bg3 Ke4 51. Rh8 Kf5
52. Kh3 Ke6 53. h6 Kf7 54. Bh4 Rg6 55. h7 Kg7 56. Rg8+ Kxh7 57. Rxg6 Kxg6 58.
Kg4 Kh6 59. Kf5 Kh5 60. f4 Kxh4 61. Kg6 Kg4 62. f5 Kf4 63. f6 Ke5 64. f7 1-0

[Event "DEM U12/U12w 2009"]
[Site "Willingen GER"]
[Date "2009.06.05"]
[Round "10"]
[White "Velkina, Elina"]
[Black "Weber, Sandra"]
[Result "1-0"]
[Termination "normal"]
[Board "43"]
[WhiteElo "1113"]
[BlackElo "1315"]
[PlyCount "37"]
[WhiteFideId "1271679"]
[BlackFideId "1270049"]
[EventCountry "GER"]
[EventRounds "11"]
[EventType "swiss"]
[EventDate "2009.05.30"]

1. e4 e5 2. Nf3 Nf6 3. Bc4 Nxe4 4. Qe2 Nd6 5. Nxe5 Be7 6. Bb3 O-O 7. d4 Bf6 8.
Bf4 b6 9. O-O Bb7 10. c3 Be4 11. Nd2 Bf5 12. Qf3 c6 13. Rfe1 Bg5 14. Nf1 Bxf4
15. Qxf4 Be6 16. Bc2 Nc4 17. Ng3 Nxe5 18. Qxe5 d5 19. Nh5 1-0

[Event "DEM U12/U12w 2009"]
[Site "Willingen GER"]
[Date "2009.06.05"]
[Round "10"]
[White "Reksten, Anne"]
[Black "Diederichs, Luise"]
[Result "1/2-1/2"]
[Termination "normal"]
[Board "44"]
[WhiteElo "1176"]
[BlackElo "1209"]
[PlyCount "42"]
[WhiteFideId "24692778"]
[BlackFideId "24661597"]
[EventCountry "GER"]
[EventRounds "11"]
[EventType "swiss"]
[EventDate "2009.05.30"]

1. c4 e6 2. g3 d5 3. Bg2 Nf6 4. Nf3 Be7 5. d4 Nbd7 6. Qc2 b6 7. O-O O-O 8. Na3
a6 9. Rd1 Bb7 10. b3 Rc8 11. e3 c5 12. Qd3 cxd4 13. exd4 Qc7 14. Bb2 Rfe8 15.
Rac1 Qb8 16. Re1 dxc4 17. bxc4 Red8 18. Qe3 Qa8 19. Red1 h6 20. h3 Bb4 21. Kh2
Bd6 1/2-1/2

[Event "DEM U12/U12w 2009"]
[Site "Willingen GER"]
[Date "2009.06.05"]
[Round "10"]
[White "Edel, Fenja"]
[Black "Böhme, Mathis"]
[Result "0-1"]
[Termination "normal"]
[Board "45"]
[WhiteElo "1142"]
[BlackElo "1190"]
[PlyCount "58"]
[WhiteFideId "24696749"]
[BlackFideId "12900443"]
[EventCountry "GER"]
[EventRounds "11"]
[EventType "swiss"]
[EventDate "2009.05.30"]

1. d4 e6 2. e3 f5 3. Bd3 Nf6 4. Nf3 b6 5. O-O Bb7 6. b3 d6 7. Bb2 Nbd7 8. Nc3
Ne4 9. Nd2 Ndf6 10. f3 Nxc3 11. Bxc3 Nd5 12. Bb2 Nxe3 13. Qe1 Nxf1 14. Qxe6+
Qe7 15. Qxe7+ Bxe7 16. Rxf1 O-O 17. Re1 Bg5 18. Re2 Rae8 19. Rxe8 Rxe8 20. Nf1
f4 21. Bc3 Bf6 22. Kh1 c5 23. Bd2 Bxd4 24. Bxf4 Re6 25. c4 Rf6 26. Bd2 Rxf3 27.
Be2 Rf2 28. Bd3 Bxg2+ 29. Kg1 Rxd2+ 0-1

[Event "DEM U12/U12w 2009"]
[Site "Willingen GER"]
[Date "2009.06.05"]
[Round "10"]
[White "Michels, Kim"]
[Black "Gaßmann, Linda"]
[Result "0-1"]
[Termination "normal"]
[Board "46"]
[WhiteElo "1349"]
[BlackElo "1143"]
[PlyCount "66"]
[WhiteFideId "24690066"]
[BlackFideId "12900451"]
[EventCountry "GER"]
[EventRounds "11"]
[EventType "swiss"]
[EventDate "2009.05.30"]

1. e4 e5 2. Nf3 Nc6 3. Bc4 Bc5 4. c3 Nf6 5. d4 exd4 6. cxd4 Bb4+ 7. Nc3 O-O 8.
O-O h6 9. d5 Na5 10. Bd3 d6 11. Ne2 Bc5 12. Bd2 c6 13. b4 cxd5 14. exd5 Bb6 15.
bxa5 Bxa5 16. Bxa5 Qxa5 17. Bc4 b6 18. Qd3 Bb7 19. Rfd1 Rac8 20. Rac1 Rfe8 21.
Bb5 Rxc1 22. Rxc1 Re4 23. Bc6 Ba6 24. Bb5 Bxb5 25. Rc8+ Kh7 26. Qc2 Bxe2 27.
Nd2 Ba6 28. Rd8 Qxa2 29. Qc1 Qxd5 30. Nxe4 Nxe4 31. Qc2 Bd3 32. Qd1 Qb5 33. f3
Qc5+ 0-1

[Event "DEM U12/U12w 2009"]
[Site "Willingen GER"]
[Date "2009.06.05"]
[Round "10"]
[White "Heinemann, Josefine"]
[Black "Sadjjadi, Anahita"]
[Result "1-0"]
[Termination "normal"]
[Board "47"]
[WhiteElo "1062"]
[BlackElo "1010"]
[PlyCount "41"]
[WhiteFideId "12900460"]
[EventCountry "GER"]
[EventRounds "11"]
[EventType "swiss"]
[EventDate "2009.05.30"]

1. e4 d5 2. exd5 Qxd5 3. Nc3 Qa5 4. d4 c6 5. Bc4 e6 6. Bd2 Qc7 7. Qe2 Nf6 8.
Nf3 Bd7 9. O-O-O g6 10. Rhe1 Bg7 11. d5 b5 12. dxe6 bxc4 13. exd7+ Kxd7 14.
Bf4+ Nd5 15. Bxc7 Kxc7 16. Nxd5+ cxd5 17. Qe7+ Nd7 18. Rxd5 Rad8 19. Red1 Bf6
20. Rxd7+ Rxd7 21. Qxd7+ 1-0

[Event "DEM U12/U12w 2009"]
[Site "Willingen GER"]
[Date "2009.06.05"]
[Round "10"]
[White "Behr, Jessica"]
[Black "Wagner, Swenja"]
[Result "1-0"]
[Termination "normal"]
[Board "48"]
[WhiteElo "1053"]
[BlackElo "833"]
[PlyCount "49"]
[BlackFideId "12900494"]
[EventCountry "GER"]
[EventRounds "11"]
[EventType "swiss"]
[EventDate "2009.05.30"]

1. e4 e5 2. Nf3 Nc6 3. Bc4 Bc5 4. Nc3 Nf6 5. d3 d6 6. h3 h6 7. Be3 Bxe3 8. fxe3
Be6 9. Bb3 Bxb3 10. axb3 O-O 11. O-O Qd7 12. Nd5 Nxd5 13. exd5 Nb4 14. e4 a6
15. Nh4 c6 16. c3 cxd5 17. cxb4 b6 18. Nf5 Kh7 19. Qh5 Qb5 20. Rf3 Qxb4 21. Rg3
Rg8 22. Qxf7 Qc5+ 23. Kh2 Raf8 24. Rxg7+ Rxg7 25. Qxg7# 1-0

[Event "DEM U12/U12w 2009"]
[Site "Willingen GER"]
[Date "2009.06.05"]
[Round "10"]
[White "Paliy, Margaryta"]
[Black "Müller, Max"]
[Result "1-0"]
[Termination "normal"]
[Board "49"]
[WhiteElo "1047"]
[BlackElo "962"]
[PlyCount "65"]
[WhiteFideId "24692417"]
[BlackFideId "12900486"]
[EventCountry "GER"]
[EventRounds "11"]
[EventType "swiss"]
[EventDate "2009.05.30"]

1. e4 e5 2. Nf3 Nc6 3. Nc3 Bc5 4. Bb5 Nf6 5. Bxc6 dxc6 6. O-O Bg4 7. h3 Bh5 8.
d3 Qd6 9. Re1 O-O 10. Bg5 Rfe8 11. Be3 Rad8 12. Na4 Bxe3 13. Rxe3 b5 14. Nc3
Qb4 15. Rb1 Qd6 16. Qd2 a6 17. a3 c5 18. Na2 Nd7 19. b4 Bxf3 20. Rxf3 c4 21.
Nc3 c5 22. Nd5 Nb6 23. Nc3 cxb4 24. Rxb4 Re6 25. Ne2 Rg6 26. Ng3 Rc8 27. Nf5
Qd7 28. d4 c3 29. Rxc3 Rxc3 30. Qxc3 exd4 31. Rxd4 Qe8 32. Qc7 Nc8 33. Rd8 1-0

[Event "DEM U12/U12w 2009"]
[Site "Willingen GER"]
[Date "2009.06.06"]
[Round "11"]
[White "Donchenko, Alexander"]
[Black "Svane, Rasmus"]
[Result "1-0"]
[Termination "normal"]
[Board "1"]
[WhiteElo "1984"]
[BlackElo "2034"]
[PlyCount "107"]
[WhiteFideId "24603295"]
[BlackFideId "4657101"]
[EventCountry "GER"]
[EventRounds "11"]
[EventType "swiss"]
[EventDate "2009.05.30"]

1. Nf3 Nf6 2. c4 e6 3. Nc3 c5 4. g3 b6 5. Bg2 Bb7 6. O-O Be7 7. b3 O-O 8. Bb2
d6 9. d4 Nbd7 10. Qd2 a6 11. Rfe1 cxd4 12. Qxd4 Qc7 13. Red1 Rfd8 14. Qf4 Rac8
15. Nd2 Ne5 16. Nde4 Nh5 17. Qc1 h6 18. h3 f5 19. Nd2 b5 20. cxb5 axb5 21. Qb1
Qb6 22. Bxb7 Qxb7 23. Nf1 d5 24. Ne4 Nf7 25. Ned2 Nf6 26. Nf3 Ne4 27. Qd3 Bc5
28. Bd4 e5 29. Bxc5 Rxc5 30. Rac1 Rdc8 31. Rxc5 Rxc5 32. b4 Rc3 33. Qxd5 Qa7
34. e3 Qc7 35. Qxb5 Nfg5 36. Nxg5 Nxg5 37. Qd5+ Kh7 38. h4 Ne4 39. Nd2 Nf6 40.
Qe6 Rc1 41. Rxc1 Qxc1+ 42. Nf1 Qc2 43. Qxe5 Ng4 44. Qf4 g5 45. hxg5 hxg5 46.
Qf3 Kg6 47. b5 Qxa2 48. b6 Qb2 49. b7 Nxf2 50. Qc6+ Kh5 51. Qe8+ Kg4 52. b8=Q
Nh3+ 53. Kh1 Nf2+ 54. Kg2 1-0

[Event "DEM U12/U12w 2009"]
[Site "Willingen GER"]
[Date "2009.06.06"]
[Round "11"]
[White "Wagner, Dennis"]
[Black "Kvetny, Mark"]
[Result "1-0"]
[Termination "normal"]
[Board "2"]
[WhiteElo "2024"]
[BlackElo "1858"]
[PlyCount "55"]
[WhiteFideId "24650684"]
[BlackFideId "24603929"]
[EventCountry "GER"]
[EventRounds "11"]
[EventType "swiss"]
[EventDate "2009.05.30"]

1. e4 c5 2. Nf3 e6 3. Nc3 a6 4. d4 cxd4 5. Nxd4 Qc7 6. Bd3 Nc6 7. Be3 Nf6 8.
O-O Nxd4 9. Bxd4 Bc5 10. Bxc5 Qxc5 11. Kh1 d6 12. f4 b5 13. Qe2 h5 14. e5 dxe5
15. fxe5 Ng4 16. Rae1 Bb7 17. a4 bxa4 18. Nb1 Rd8 19. Nd2 Qd4 20. Nc4 Rd7 21.
Rd1 Ke7 22. Nd6 Rxd6 23. exd6+ Qxd6 24. Rxf7+ Kd8 25. Bb5 Bxg2+ 26. Kxg2 Ne3+
27. Qxe3 Qxd1 28. Qg5+ 1-0

[Event "DEM U12/U12w 2009"]
[Site "Willingen GER"]
[Date "2009.06.06"]
[Round "11"]
[White "Blübaum, Matthias"]
[Black "Xu, Xianliang"]
[Result "1/2-1/2"]
[Termination "normal"]
[Board "3"]
[WhiteElo "2051"]
[BlackElo "1921"]
[PlyCount "39"]
[WhiteFideId "24651516"]
[BlackFideId "4603230"]
[EventCountry "GER"]
[EventRounds "11"]
[EventType "swiss"]
[EventDate "2009.05.30"]

1. d4 Nf6 2. c4 e5 3. dxe5 Ng4 4. Bf4 Bb4+ 5. Nd2 d6 6. exd6 Qf6 7. e3 Nxf2 8.
Kxf2 g5 9. Ne2 gxf4 10. Ne4 fxe3+ 11. Kxe3 Qe5 12. Qd4 cxd6 13. Qxe5+ dxe5 14.
N2c3 Bxc3 15. Nxc3 Be6 16. Nb5 Na6 17. Be2 Ke7 18. Rad1 Rhg8 19. g3 Nb4 20. a3
1/2-1/2

[Event "DEM U12/U12w 2009"]
[Site "Willingen GER"]
[Date "2009.06.06"]
[Round "11"]
[White "Yankelevich, Lev"]
[Black "Schröder, Jan-Christian"]
[Result "1/2-1/2"]
[Termination "normal"]
[Board "4"]
[WhiteElo "1898"]
[BlackElo "1820"]
[PlyCount "43"]
[WhiteFideId "24684074"]
[BlackFideId "24662259"]
[EventCountry "GER"]
[EventRounds "11"]
[EventType "swiss"]
[EventDate "2009.05.30"]

1. e4 e5 2. Nf3 Nc6 3. Bc4 Nf6 4. d3 Be7 5. Nc3 O-O 6. O-O d6 7. h3 Na5 8. Bb3
Nxb3 9. axb3 Re8 10. Nh2 d5 11. exd5 Nxd5 12. Re1 Nxc3 13. bxc3 Bc5 14. Be3
Bxe3 15. Rxe3 a6 16. Qf3 Qf6 17. Qxf6 gxf6 18. Ng4 Bxg4 19. hxg4 Re6 20. Rae1
Rae8 21. Kh2 Kg7 22. Kg3 1/2-1/2

[Event "DEM U12/U12w 2009"]
[Site "Willingen GER"]
[Date "2009.06.06"]
[Round "11"]
[White "Wolff, Christopher"]
[Black "Lampert, Jonas"]
[Result "1/2-1/2"]
[Termination "normal"]
[Board "5"]
[WhiteElo "1494"]
[BlackElo "1977"]
[PlyCount "39"]
[BlackFideId "1303759"]
[EventCountry "GER"]
[EventRounds "11"]
[EventType "swiss"]
[EventDate "2009.05.30"]

1. e4 c5 2. Nf3 d6 3. Bb5+ Bd7 4. Bxd7+ Qxd7 5. Nc3 Nf6 6. O-O Nc6 7. d4 cxd4
8. Nxd4 g6 9. f3 Bg7 10. Be3 O-O 11. Nde2 Rfd8 12. Nf4 Ne5 13. Qe2 b6 14. Rad1
Rac8 15. Bf2 Nc4 16. b3 Nb2 17. Rb1 Rxc3 18. Rxb2 Rdc8 19. Bd4 R3c6 20. Rd1
1/2-1/2

[Event "DEM U12/U12w 2009"]
[Site "Willingen GER"]
[Date "2009.06.06"]
[Round "11"]
[White "Kreyssig, Robert"]
[Black "Lerch, Philipp"]
[Result "0-1"]
[Termination "normal"]
[Board "6"]
[WhiteElo "1787"]
[BlackElo "1900"]
[PlyCount "38"]
[WhiteFideId "4662881"]
[BlackFideId "4654129"]
[EventCountry "GER"]
[EventRounds "11"]
[EventType "swiss"]
[EventDate "2009.05.30"]

1. d4 Nf6 2. c4 g6 3. Nc3 Bg7 4. e4 d6 5. f3 O-O 6. Be3 Nc6 7. Qd2 a6 8. Bd3
Rb8 9. Nge2 Nb4 10. Bb1 b5 11. d5 bxc4 12. O-O c5 13. Nc1 a5 14. a3 Na6 15. Ba2
Qb6 16. Rb1 Nd7 17. Bxc4 Ne5 18. Be2 Qd8 19. Nd3 Nc4 0-1

[Event "DEM U12/U12w 2009"]
[Site "Willingen GER"]
[Date "2009.06.06"]
[Round "11"]
[White "Xiong, Ferdinand"]
[Black "Grigorian, Spartak"]
[Result "1-0"]
[Termination "normal"]
[Board "7"]
[WhiteElo "1815"]
[BlackElo "1765"]
[PlyCount "120"]
[WhiteFideId "24654132"]
[BlackFideId "24661490"]
[EventCountry "GER"]
[EventRounds "11"]
[EventType "swiss"]
[EventDate "2009.05.30"]

1. e4 Nf6 2. e5 Nd5 3. d4 d6 4. f4 dxe5 5. fxe5 Nc6 6. Nf3 Bg4 7. Be2 e6 8. O-O
Be7 9. c4 Nb6 10. Be3 O-O 11. Nc3 Qd7 12. Qd2 Rad8 13. Rad1 f6 14. exf6 Bxf6
15. Ne4 Bxf3 16. Nxf6+ Rxf6 17. Rxf3 Rxf3 18. gxf3 Ne7 19. b3 Nf5 20. Bf2 Kh8
21. Qc3 Qf7 22. Kh1 Nd7 23. d5 Nb6 24. dxe6 Rxd1+ 25. Bxd1 Qxe6 26. Qe1 Qd7 27.
Bc2 Kg8 28. Qd1 Qxd1+ 29. Bxd1 Kf7 30. Kg2 Nc8 31. f4 b6 32. Kf3 c5 33. Ke4 Ke6
34. Bf3 Ncd6+ 35. Kd3 g6 36. Bd5+ Kf6 37. a3 Ne7 38. Bh4+ Kg7 39. Bxe7 Nf5 40.
Bd8 Kf8 41. Bc7 Ke7 42. b4 Kd7 43. Be5 cxb4 44. axb4 a5 45. bxa5 bxa5 46. c5
Ne7 47. Kc4 a4 48. Be4 Nc6 49. Bxc6+ Kxc6 50. Bd6 h6 51. h4 h5 52. Kb4 a3 53.
Kxa3 Kd7 54. Kb4 Kc6 55. Kc4 Kd7 56. Kd5 Kd8 57. c6 Kc8 58. c7 Kb7 59. Kc5 Ka7
60. c8=Q g5 1-0

[Event "DEM U12/U12w 2009"]
[Site "Willingen GER"]
[Date "2009.06.06"]
[Round "11"]
[White "Schoepe, Tobias"]
[Black "Töws, Manuel"]
[Result "1/2-1/2"]
[Termination "normal"]
[Board "8"]
[WhiteElo "1576"]
[BlackElo "1863"]
[PlyCount "59"]
[WhiteFideId "24692107"]
[BlackFideId "24654485"]
[EventCountry "GER"]
[EventRounds "11"]
[EventType "swiss"]
[EventDate "2009.05.30"]

1. e4 c5 2. Nf3 d6 3. d4 cxd4 4. Nxd4 Nf6 5. f3 a6 6. c4 Nc6 7. Be3 g6 8. Nc3
Bg7 9. Qd2 O-O 10. Be2 Nxd4 11. Bxd4 Be6 12. O-O Rc8 13. Nd5 Bxd5 14. cxd5 Nd7
15. Bxg7 Kxg7 16. Kh1 Qb6 17. Rac1 Rc7 18. Rxc7 Qxc7 19. Rc1 Qb8 20. Qc3+ Nf6
21. Bd3 Rd8 22. f4 Kg8 23. Qc2 Nd7 24. a4 Nb6 25. Qb3 Rc8 26. Rxc8+ Nxc8 27.
Bxa6 Qc7 28. Qc4 Qxc4 29. Bxc4 Nb6 30. b3 1/2-1/2

[Event "DEM U12/U12w 2009"]
[Site "Willingen GER"]
[Date "2009.06.06"]
[Round "11"]
[White "Peil, Christoph"]
[Black "Imcke, Patrick"]
[Result "1-0"]
[Termination "normal"]
[Board "9"]
[WhiteElo "1756"]
[BlackElo "1711"]
[PlyCount "69"]
[WhiteFideId "24651800"]
[BlackFideId "4622502"]
[EventCountry "GER"]
[EventRounds "11"]
[EventType "swiss"]
[EventDate "2009.05.30"]

1. d4 Nf6 2. c4 g6 3. Nc3 Bg7 4. e4 d6 5. Bd3 O-O 6. Nge2 e5 7. d5 Nbd7 8. O-O
Nc5 9. Bc2 a5 10. Rb1 Ne8 11. a3 f5 12. b4 axb4 13. axb4 Nxe4 14. Bxe4 fxe4 15.
Ng3 Nf6 16. Bg5 h6 17. Bxf6 Qxf6 18. Ngxe4 Qe7 19. c5 Bf5 20. Ra1 Qd7 21. Qe2
Rfd8 22. Qc4 Kh7 23. f3 b6 24. Rxa8 Rxa8 25. Qb5 Qd8 26. Qc6 Bd7 27. Qb7 Rb8
28. Qa6 Ra8 29. Qc4 Bf5 30. Nb5 Bf8 31. cxb6 cxb6 32. Qc6 Bxe4 33. fxe4 Ra2 34.
Qb7+ Kg8 35. Qf7+ 1-0

[Event "DEM U12/U12w 2009"]
[Site "Willingen GER"]
[Date "2009.06.06"]
[Round "11"]
[White "Ruff, Maximilian"]
[Black "Bonk, Andras"]
[Result "1/2-1/2"]
[Termination "normal"]
[Board "10"]
[WhiteElo "1651"]
[BlackElo "1759"]
[PlyCount "114"]
[WhiteFideId "1271670"]
[BlackFideId "24692123"]
[EventCountry "GER"]
[EventRounds "11"]
[EventType "swiss"]
[EventDate "2009.05.30"]

1. e4 c5 2. c3 e6 3. d4 cxd4 4. cxd4 Nf6 5. Nc3 Bb4 6. Bd3 Nc6 7. Nf3 d6 8. O-O
O-O 9. Bg5 e5 10. Nd5 exd4 11. Nxb4 Nxb4 12. Nxd4 Qb6 13. Bxf6 gxf6 14. Bc4 Bd7
15. a3 Nc6 16. Nxc6 Bxc6 17. Qxd6 Qxb2 18. Rab1 Qe5 19. Qxe5 fxe5 20. Bd5 Bxd5
21. exd5 b6 22. Rbc1 Rac8 23. Rfe1 Rxc1 24. Rxc1 Rd8 25. Rd1 Kf8 26. Kf1 Ke7
27. Ke2 Kd6 28. Ke3 Rc8 29. Rd3 Rc4 30. h3 f5 31. g3 b5 32. f3 Rc5 33. g4 fxg4
34. fxg4 Rxd5 35. Rc3 Rd1 36. Ke4 Rd4+ 37. Kf5 e4 38. Re3 Kd5 39. h4 a5 40. h5
Rd3 41. Kf4 Rxe3 42. Kxe3 a4 43. g5 b4 44. g6 hxg6 45. h6 b3 46. h7 b2 47. h8=Q
b1=Q 48. Qd4+ Ke6 49. Qc4+ Kf6 50. Qd4+ Kf5 51. Qd5+ Kg4 52. Qe6+ Kh5 53. Qh3+
Kg5 54. Qg3+ Kf6 55. Qf4+ Ke6 56. Qg4+ Kd5 57. Qd7+ Ke5 1/2-1/2

[Event "DEM U12/U12w 2009"]
[Site "Willingen GER"]
[Date "2009.06.06"]
[Round "11"]
[White "Hansch, Karsten"]
[Black "Scheel, Henrik"]
[Result "1/2-1/2"]
[Termination "normal"]
[Board "11"]
[WhiteElo "1839"]
[BlackElo "1626"]
[PlyCount "44"]
[WhiteFideId "24692239"]
[BlackFideId "24692115"]
[EventCountry "GER"]
[EventRounds "11"]
[EventType "swiss"]
[EventDate "2009.05.30"]

1. d4 d5 2. Nf3 e6 3. e3 Nf6 4. Bd3 c5 5. b3 Nc6 6. a3 Bd6 7. Bb2 cxd4 8. exd4
O-O 9. O-O Qc7 10. Qe2 Re8 11. Ne5 Ne7 12. f4 g6 13. Nd2 Kg7 14. c4 Qd8 15. c5
Bc7 16. Ndf3 Rf8 17. Ng5 Nfg8 18. Ng4 Nf5 19. g3 h6 20. Nf3 h5 21. Ne3 Ngh6 22.
Nxf5+ exf5 1/2-1/2

[Event "DEM U12/U12w 2009"]
[Site "Willingen GER"]
[Date "2009.06.06"]
[Round "11"]
[White "Nöttling, Dominik"]
[Black "Herbst, Timothy"]
[Result "1-0"]
[Termination "normal"]
[Board "12"]
[WhiteElo "1781"]
[BlackElo "1416"]
[PlyCount "111"]
[WhiteFideId "24672807"]
[BlackFideId "12900346"]
[EventCountry "GER"]
[EventRounds "11"]
[EventType "swiss"]
[EventDate "2009.05.30"]

1. e4 c5 2. Nf3 d6 3. d4 cxd4 4. Nxd4 Nf6 5. Nc3 g6 6. Be2 Bg7 7. Be3 O-O 8.
Qd2 Nc6 9. h4 Nxd4 10. Bxd4 Be6 11. h5 Qc7 12. g4 Bxg4 13. Bxf6 Bxe2 14. Bxg7
Kxg7 15. Nxe2 Qb6 16. Qd4+ Qxd4 17. Nxd4 Rfc8 18. O-O-O Rc5 19. hxg6 hxg6 20.
Rh2 Rac8 21. c3 Rc4 22. Kb1 a6 23. f3 e5 24. Nc2 R4c6 25. Ne3 Rd8 26. Nd5 Rh8
27. Rxh8 Kxh8 28. Nf6 Rb6 29. Ne8 f5 30. Rxd6 Rxd6 31. Nxd6 f4 32. Nf7+ Kg7 33.
Nxe5 g5 34. Ng4 Kf7 35. b4 b5 36. c4 bxc4 37. Kc2 Ke6 38. Kc3 Kd6 39. Kxc4 Kc6
40. a4 Kd6 41. b5 axb5+ 42. Kxb5 Kc7 43. e5 Kb7 44. a5 Kc7 45. a6 Kb8 46. Kb6
Kc8 47. a7 Kd7 48. a8=Q Ke6 49. Qg8+ Ke7 50. Qg6 Kd7 51. Qd6+ Ke8 52. Qc7 Kf8
53. Nh6 Ke8 54. e6 g4 55. e7 g3 56. Qd8# 1-0

[Event "DEM U12/U12w 2009"]
[Site "Willingen GER"]
[Date "2009.06.06"]
[Round "11"]
[White "Volz, Alexander"]
[Black "Ott, Florian"]
[Result "1-0"]
[Termination "normal"]
[Board "13"]
[WhiteElo "1650"]
[BlackElo "1567"]
[PlyCount "57"]
[WhiteFideId "4669126"]
[BlackFideId "12900281"]
[EventCountry "GER"]
[EventRounds "11"]
[EventType "swiss"]
[EventDate "2009.05.30"]

1. e4 e6 2. d4 d5 3. Nc3 Bb4 4. e5 c5 5. a3 Ba5 6. b4 cxb4 7. Nb5 Bc7 8. axb4
Bd7 9. Qg4 g6 10. Bg5 Qc8 11. Nxa7 Rxa7 12. Rxa7 Nc6 13. Ra1 Nxb4 14. Bd3 Bb6
15. Ne2 h5 16. Qf3 Qc7 17. O-O Nc6 18. c3 Ba5 19. Rfc1 Bb6 20. Nf4 Nge7 21. Bf6
Rg8 22. Ne2 Na5 23. Rcb1 Bc6 24. Bxe7 Kxe7 25. Qf6+ Ke8 26. Nf4 Bd7 27. Nxd5
exd5 28. Qxb6 Qxc3 29. Rxa5 1-0

[Event "DEM U12/U12w 2009"]
[Site "Willingen GER"]
[Date "2009.06.06"]
[Round "11"]
[White "Sabirov, Ramil"]
[Black "Schuhmacher, Jakob"]
[Result "0-1"]
[Termination "normal"]
[Board "14"]
[WhiteElo "1518"]
[BlackElo "1650"]
[PlyCount "138"]
[WhiteFideId "12900303"]
[BlackFideId "4612787"]
[EventCountry "GER"]
[EventRounds "11"]
[EventType "swiss"]
[EventDate "2009.05.30"]

1. e4 e6 2. d3 d5 3. Qe2 dxe4 4. dxe4 Nf6 5. g3 c6 6. Bg2 Bc5 7. Nf3 O-O 8. O-O
Qe7 9. Nc3 e5 10. Be3 Bxe3 11. Qxe3 Qc7 12. Rad1 Be6 13. b3 h6 14. Na4 Nbd7 15.
Nc5 Nxc5 16. Qxc5 Nxe4 17. Qxe5 Qxe5 18. Nxe5 Nc3 19. Rd6 Nxa2 20. c4 Nb4 21.
Nd7 Rfd8 22. Rfd1 Rxd7 23. Rxd7 Bxd7 24. Rxd7 Rb8 25. f4 Na6 26. Rd1 Kf8 27.
Kf2 Re8 28. Bh3 Nc5 29. b4 Ne4+ 30. Kf3 Nf6 31. g4 b6 32. g5 hxg5 33. fxg5 Ne4
34. Bd7 Nxg5+ 35. Kg4 Ne4 36. Bxe8 Nf2+ 37. Kf4 Nxd1 38. Bxc6 Nb2 39. b5 Nxc4
40. Ke4 Ke7 41. Kd5 Nd6 42. Ke5 f6+ 43. Kd5 f5 44. Ke5 g5 45. h3 f4 46. Kd4 Ke6
47. Bd5+ Kf6 48. Bc6 Nf5+ 49. Ke4 Nh4 50. Kd3 Ke5 51. Bb7 Nf5 52. Bc8 Nd4 53.
Ba6 f3 54. Ke3 Kd5 55. Kf2 Ke4 56. Bb7+ Kf4 57. Bc6 g4 58. hxg4 Kxg4 59. Bd7+
Kf4 60. Be8 Ke5 61. Ke3 Kd5 62. Bd7 Kc5 63. Be8 Nxb5 64. Kxf3 a5 65. Ke3 Nd6
66. Bg6 Kb4 67. Kd4 Nb5+ 68. Kd5 Nc3+ 69. Kc6 b5 0-1

[Event "DEM U12/U12w 2009"]
[Site "Willingen GER"]
[Date "2009.06.06"]
[Round "11"]
[White "Pixa, Richard"]
[Black "Bluhm, Sonja Maria"]
[Result "1/2-1/2"]
[Termination "normal"]
[Board "15"]
[WhiteElo "1788"]
[BlackElo "1714"]
[PlyCount "42"]
[WhiteFideId "4626095"]
[BlackFideId "24654027"]
[EventCountry "GER"]
[EventRounds "11"]
[EventType "swiss"]
[EventDate "2009.05.30"]

1. e4 e5 2. Nf3 Nc6 3. Bb5 a6 4. Ba4 Nf6 5. d4 exd4 6. e5 Ne4 7. O-O Be7 8. Re1
Nc5 9. Bxc6 dxc6 10. Nxd4 O-O 11. Nc3 Ne6 12. Nf5 Nc5 13. Nxe7+ Qxe7 14. Qf3
Qh4 15. Be3 Ne6 16. Qg3 Qxg3 17. hxg3 Re8 18. Rad1 Nf8 19. f4 Bg4 20. Rd2 Rad8
21. Rxd8 Rxd8 1/2-1/2

[Event "DEM U12/U12w 2009"]
[Site "Willingen GER"]
[Date "2009.06.06"]
[Round "11"]
[White "Müller, Constantin"]
[Black "Hirschmann, Jakob"]
[Result "1-0"]
[Termination "normal"]
[Board "16"]
[WhiteElo "1565"]
[BlackElo "1678"]
[PlyCount "33"]
[WhiteFideId "24697630"]
[BlackFideId "24652067"]
[EventCountry "GER"]
[EventRounds "11"]
[EventType "swiss"]
[EventDate "2009.05.30"]

1. e4 e6 2. d4 d5 3. Nc3 Bb4 4. e5 Ne7 5. Qg4 c5 6. dxc5 Qc7 7. Qxb4 Nbc6 8.
Qg4 Nf5 9. Nf3 Bd7 10. Bd2 h5 11. Qf4 O-O-O 12. Nb5 Qb8 13. Nd6+ Nxd6 14. cxd6
Rhf8 15. Nd4 Nxd4 16. Qxd4 Bc6 17. b4 1-0